000 01016nam a2200301Ia 4500
001 50574
005 20230411090003.0
008 070821s2007 nyu b 001 0 eng d
035 _a(OCoLC)ocn166244514
040 _aBKL
_cBKL
_dBAKER
_dYDXCP
020 _a9780143038863 (pbk.) :
_c$15.00
020 _a0143038869 (pbk.) :
_c$15.00
035 _a(OCoLC)166244514
092 _a320.520973
049 _aGRAL
100 1 _aDean, John W.
_q(John Wesley),
_d1938-
245 1 0 _aConservatives without conscience /
_cJohn W. Dean.
260 _aNew York :
_bPenguin Books,
_c2007.
300 _axlii, 256 p. ;
_c22 cm.
504 _aIncludes bibliographical references and index.
650 0 _aConservatism
_zUnited States.
610 2 0 _aRepublican Party (U.S. : 1854- )
651 0 _aUnited States
_xPolitics and government
_y2001-
938 _aBaker & Taylor
_bBKTY
_c15.00
_d11.25
_i0143038869
_n0007189569
_sactive
938 _aYBP Library Services
_bYANK
_n2601583
942 _2lcc
_cbk
994 _aC0
_bDRFGD
999 _c110471
_d110471